Films avec Claude Piéplu (en images) - Statistiques

Statistiques générales
  • Ce quiz a été pris 7 fois
  • Le résultat moyen est 4 sur 16
Statistiques - réponses
Par images Réponse % Correct
Astérix et Obélix contre César
100%
Les Aventures de Rabbi Jacob
86%
Le Gendarme de Saint-Tropez
71%
Hibernatus
29%
Calmos
14%
La Meilleure Façon de marcher
14%
La Moutarde me monte au nez
14%
Le Paltoquet
14%
Le Pion
14%
Diaboliquement vôtre
0%
Gross Paris
0%
La Prisonnière
0%
Le drapeau noir flotte sur la marmite
0%
Les Faussaires
0%
Le Sucre
0%
Suivez cet avion
0%
Aucun quiz correspondant
Distribution des résultats
% des personnes avec chaque résultat
Percentile par nombre de réponses
Votre historique - résultats
Vous n’avez pas pris ce quiz